000 00698nam a22001697a 4500
008 140717b xxu||||| |||| 00| 0 eng d
020 _a9781405171069
050 _aHD2745.M66
100 _aMonks,Robert A.G
245 _aCorporate governance. /
_cRobert A.G Monks.
260 _aEngland:
_bJohn wiley and sons,
_c2008.
300 _axxiii,651p.:
_bill.;
_c25cm.
500 _aIncludes index and bibliography
505 _aContents: What is a corporation? -- Shareholders:ownership -- Directors: monitoring -- Management:performance -- International corporate governance -- International corporate governance -- Case studies:corporations in crisis
700 _aNell, Minow
942 _2lcc
_cBK
999 _c3155
_d10655